[Event "Condigne Dutch Open 2018"]
[Site "Dieren"]
[Date "2018.07.28"]
[Round "5"]
[White "Wedda, Dries"]
[Black "Beukema, Jasper"]
[Result "0-1"]
[WhiteElo "2069"]
[BlackElo "2299"]
[Annotator "NA"]
[PlyCount "74"]
[EventDate "2018.07.24"]
[EventType "swiss"]
[EventCountry "NED"]
[SourceTitle "playchess.com"]
[Source "ChessBase"]
[SourceQuality "1"]
[TimeControl "40/5400+30:1800+30"]

1. d4 {[%emt 0:00:00]} d5 {[%emt 0:00:06]} 2. c4 {[%emt 0:00:00]} e6 {[%emt 0:00:06]} 3. Nf3 {[%emt 0:00:00]} Nf6 {[%emt 0:00:03]} 4. g3 {[%emt 0:00:00]} Bb4+ {[%emt 0:00:43]} 5. Bd2 {[%emt 0:00:00]} Bd6 {[%emt 0:00:09]} 6. Qc2 {[%emt 0:05:39]} c6 {[%emt 0:02:40]} 7. Bg2 {[%emt 0:07:45]} Ne4 {[%emt 0:01:45]} 8. O-O {[%emt 0:00:28]} O-O {[%emt 0:00:08]} 9. Ne5 {[%emt 0:06:02]} Nxd2 {[%emt 0:02:01]} 10. Nxd2 {[%emt 0:00:11]} f6 {[%emt 0:14:22]} 11. Nd3 {[%emt 0:00:55]} Bc7 {[%emt 0:02:18]} 12. Qc3 {[%emt 0:06:08]} Nd7 {[%emt 0:08:32]} 13. Rac1 {[%emt 0:09:00]} Nb6 {[%emt 0:03:25]} 14. e4 {[%emt 0:03:38]} Rf7 {[%emt 0:07:56]} 15. Rfe1 {[%emt 0:05:35]} dxc4 {[%emt 0:14:53]} 16. Nxc4 {[%emt 0:06:04]} Rd7 {[%emt 0:01:00]} 17. Nxb6 {[%emt 0:01:36]} Bxb6 {[%emt 0:00:13]} 18. d5 {[%emt 0:00:10]} e5 {[%emt 0:00:39]} 19. Qb3 {[%emt 0:46:19]} Rd6 {[%emt 0:02:24]} 20. Red1 {[%emt 0:00:00]} cxd5 {[%emt 0:06:12]} 21. Nb4 {[%emt 0:00:00]} Be6 {[%emt 0:03:58]} 22. Nxd5 {[%emt 0:00:00]} Bd4 {[%emt 0:00:48]} 23. Rc2 {[%emt 0:00:00]} Rc6 {[%emt 0:06:55]} 24. Rdc1 {[%emt 0:00:00]} Rac8 {[%emt 0:10:20]} 25. Bf1 {[%emt 0:00:00]} Kh8 {[%emt 0:05:57]} 26. Bc4 {[%emt 0:00:00]} f5 {[%emt 0:01:23]} 27. Ne3 {[%emt 0:00:00]} Bxc4 {[%emt 0:01:15]} 28. Nxc4 {[%emt 0:00:00]} f4 {[%emt 0:00:56]} 29. Qxb7 {[%emt 0:00:00]} Bxf2+ {[%emt 0:02:43]} 30. Kg2 {[%emt 0:00:00]} Bd4 {[%emt 0:01:06]} 31. g4 {[%emt 0:00:00]} h5 {[%emt 0:00:13]} 32. Kh1 {[%emt 0:00:00]} hxg4 {[%emt 0:00:39]} 33. Qf7 {[%emt 0:00:34]} Qh4 {[%emt 0:00:33]} 34. Qf5 {[%emt 0:01:06]} g3 {[%emt 0:00:36]} 35. h3 {[%emt 0:00:54]} Rxc4 {[%emt 0:00:21]} 36. Rxc4 {[%emt 0:00:10]} Rxc4 {[%emt 0:00:38]} 37. Rxc4 {[%emt 0:00:06]} g2+ {[%emt 0:00:07]} 0-1

[Event "Condigne Dutch Open 2018"]
[Site "Dieren"]
[Date "2018.07.30"]
[Round "6"]
[White "L'Ami, Erwin"]
[Black "Lai, Hing Ting"]
[Result "1-0"]
[WhiteElo "2636"]
[BlackElo "2447"]
[Annotator "TA"]
[PlyCount "41"]
[EventDate "2018.07.24"]
[EventType "swiss"]
[EventCountry "NED"]
[SourceTitle "playchess.com"]
[Source "ChessBase"]
[SourceQuality "1"]

{[%evp 9,41,0,68,66,68,65,135,129,134,141,150,137,150,130,163,163,164,118,131,114,95,102,122,121,161,158,338,335,350,384,337,168,975,925]} 1. e4 c6 2. Nc3 d5 3. Nf3 Nf6 4. e5 Ne4 5. d4 Bg4 {LiveBook: 12 Games} (5... Nxc3 $11 6. bxc3 e6) (5... Nxc3 6. bxc3 c5 7. Rb1 Nc6 8. dxc5 e6 9. Bd3 Bxc5 10. O-O h6 11. Qe2 O-O 12. c4 Nb4 13. Be3 Nxd3 14. cxd3 Bxe3 15. Qxe3 dxc4 16. dxc4 {½-½ (32) Short,N (2698)-Tari,A (2588) Douglas 2017}) 6. Nxe4 $14 {B11: Caro-Kann: Two Knights Variation} dxe4 7. h3 {[%cal Bh2h3,Bh3g4][%mdl 32]} exf3 ({Black should try} 7... Bxf3 $14 8. gxf3 exf3) 8. hxg4 $16 {White is clearly better.} fxg2 9. Bxg2 e6 10. c3 $146 ({Predecessor:} 10. g5 Bb4+ 11. c3 Be7 12. Qg4 {0-1 (12) Cruz B,I-Olaya Morales,H Cali 2015}) 10... Be7 11. Qb3 Qc7 12. Be3 Nd7 13. a4 a5 14. Ke2 Nb6 15. Rh3 Nd5 16. Bxd5 cxd5 {[#]} 17. Rah1 $1 Kf8 $2 (17... Rc8 $16 18. Rxh7 Rxh7 19. Qb5+ (19. Rxh7 Qc4+ 20. Qxc4 Rxc4 $16) 19... Kf8 20. Rxh7 Kg8) 18. Rxh7 $18 Rxh7 19. Rxh7 {[%cal Rh7h8]} Kg8 20. Rh3 (20. Qc2 $142) 20... g6 $2 {[#]} (20... Qc4+ 21. Qxc4 dxc4) 21. Qd1 {Precision: White = 65%, Black = 25%.} 1-0

[Event "Condigne Dutch Open 2018"]
[Site "Dieren"]
[Date "2018.07.30"]
[Round "6"]
[White "Reinderman, Dimitri"]
[Black "Ikonnikov, Vyacheslav"]
[Result "1/2-1/2"]
[WhiteElo "2575"]
[BlackElo "2536"]
[Annotator "ChessBase"]
[PlyCount "81"]
[EventDate "2018.07.24"]
[EventType "swiss"]
[EventCountry "NED"]
[SourceTitle "playchess.com"]
[Source "ChessBase"]
[SourceQuality "1"]
[TimeControl "40/5400+30:1800+30"]

1. Nf3 {[%emt 0:00:00]} Nf6 {[%emt 0:00:00]} 2. c4 {[%emt 0:00:00]} e6 {[%emt 0:00:32]} 3. Nc3 {[%emt 0:00:00]} Bb4 {[%emt 0:00:53]} 4. Qc2 {[%emt 0:00:00]} O-O {[%emt 0:01:26]} 5. a3 {[%emt 0:00:05]} Bxc3 {[%emt 0:01:47]} 6. Qxc3 {[%emt 0:00:05]} a5 {[%emt 0:00:13]} 7. b4 {[%emt 0:04:10]} d6 {[%emt 0:01:29]} 8. Bb2 {[%emt 0:00:23]} e5 {[%emt 0:00:26]} 9. e3 {[%emt 0:00:48]} Re8 {[%emt 0:04:22]} 10. Be2 {[%emt 0:04:27]} Bg4 {[%emt 0:07:13]} 11. d3 {[%emt 0:01:26]} axb4 {[%emt 0:29:06]} 12. axb4 {[%emt 0:00:11]} Rxa1+ {[%emt 0:00:05]} 13. Bxa1 {[%emt 0:00:05]} Nbd7 {[%emt 0:01:10]} 14. h3 {[%emt 0:02:08]} Bh5 {[%emt 0:00:06]} 15. O-O {[%emt 0:00:38]} h6 {[%emt 0:01:19]} 16. Bb2 {[%emt 0:05:55]} Qe7 {[%emt 0:09:51]} 17. Ra1 {[%emt 0:07:09]} Rb8 {[%emt 0:01:18]} 18. Kf1 {[%emt 0:04:01]} Qf8 {[%emt 0:02:06]} 19. Ra7 {[%emt 0:02:24]} e4 {[%emt 0:04:13]} 20. dxe4 {[%emt 0:04:13]} Nxe4 {[%emt 0:00:06]} 21. Qc2 {[%emt 0:00:28]} Qe7 {[%emt 0:04:44]} 22. Bd3 {[%emt 0:02:15]} Bg6 {[%emt 0:01:42]} 23. Kg1 {[%emt 0:00:53]} c5 {[%emt 0:05:12]} 24. Nd2 {[%emt 0:05:32]} Nxd2 {[%emt 0:03:54]} 25. Bxg6 {[%emt 0:00:26]} fxg6 {[%emt 0:02:36]} 26. Qxd2 {[%emt 0:00:07]} Nb6 {[%emt 0:00:08]} 27. Qd3 {[%emt 0:15:27]} Qe6 {[%emt 0:04:04]} 28. bxc5 {[%emt 0:13:08]} dxc5 {[%emt 0:01:01]} 29. Qb3 {[%emt 0:00:38]} Kh7 {[%emt 0:05:01]} 30. Ra5 {[%emt 0:05:47]} Nd7 {[%emt 0:02:56]} 31. Qc3 {[%emt 0:02:04]} Qf7 {[%emt 0:01:08]} 32. Ra7 {[%emt 0:01:24]} Nf6 {[%emt 0:01:25]} 33. Qa5 {[%emt 0:04:00]} Ne4 {[%emt 0:02:49]} 34. f3 {[%emt 0:00:37]} Ng5 {[%emt 0:01:42]} 35. e4 {[%emt 0:07:33]} Ne6 {[%emt 0:00:44]} 36. Be5 {[%emt 0:09:33]} Rd8 {[%emt 0:00:03]} 37. Kh2 {[%emt 0:00:00]} Rd7 {[%emt 0:00:26]} 38. Qb5 {[%emt 0:00:00]} g5 {[%emt 0:00:20]} 39. Ra2 {[%emt 0:00:00]} Qe7 {[%emt 0:00:25]} 40. Bg3 {[%emt 0:01:15]} Rd1 {[%emt 0:01:15]} 41. Ra8 {[%emt 0:07:52]} 1/2-1/2

[Event "Condigne Dutch Open 2018"]
[Site "Dieren"]
[Date "2018.07.30"]
[Round "6"]
[White "Chanda, Sandipan"]
[Black "Van den Doel, Erik"]
[Result "0-1"]
[WhiteElo "2548"]
[BlackElo "2593"]
[Annotator "ChessBase"]
[PlyCount "126"]
[EventDate "2018.07.24"]
[EventType "swiss"]
[EventCountry "NED"]
[SourceTitle "playchess.com"]
[Source "ChessBase"]
[SourceQuality "1"]
[TimeControl "40/5400+30:1800+30"]

1. e4 {[%emt 0:00:04]} e5 {[%emt 0:00:00]} 2. Nf3 {[%emt 0:00:08]} Nc6 {[%emt 0:00:00]} 3. Bb5 {[%emt 0:00:07]} a6 {[%emt 0:00:00]} 4. Ba4 {[%emt 0:00:06]} Nf6 {[%emt 0:00:00]} 5. O-O {[%emt 0:00:10]} Be7 {[%emt 0:00:00]} 6. Re1 {[%emt 0:00:07]} b5 {[%emt 0:00:41]} 7. Bb3 {[%emt 0:00:09]} d6 {[%emt 0:00:02]} 8. c3 {[%emt 0:00:09]} O-O {[%emt 0:00:06]} 9. h3 {[%emt 0:00:10]} Na5 {[%emt 0:02:26]} 10. Bc2 {[%emt 0:01:12]} c5 {[%emt 0:00:04]} 11. d4 {[%emt 0:00:08]} Nd7 {[%emt 0:00:22]} 12. d5 {[%emt 0:00:36]} Nb6 {[%emt 0:03:10]} 13. Nbd2 {[%emt 0:00:20]} c4 {[%emt 0:08:58]} 14. b4 {[%emt 0:10:21]} cxb3 {[%emt 0:04:41]} 15. axb3 {[%emt 0:00:11]} Nb7 {[%emt 0:00:06]} 16. c4 {[%emt 0:05:25]} b4 {[%emt 0:02:42]} 17. Nf1 {[%emt 0:01:34]} a5 {[%emt 0:06:15]} 18. Ne3 {[%emt 0:05:07]} Nc5 {[%emt 0:19:36]} 19. Bd2 {[%emt 0:01:04]} g6 {[%emt 0:07:09]} 20. Ng4 {[%emt 0:06:53]} h5 {[%emt 0:14:59]} 21. Ngh2 {[%emt 0:29:09]} Bd7 {[%emt 0:02:33]} 22. Bh6 {[%emt 0:19:57]} Re8 {[%emt 0:00:16]} 23. Qd2 {[%emt 0:00:07]} a4 {[%emt 0:03:45]} 24. Qxb4 {[%emt 0:01:40]} axb3 {[%emt 0:00:47]} 25. Rxa8 {[%emt 0:01:09]} Qxa8 {[%emt 0:07:41]} 26. Bxb3 {[%emt 0:00:05]} Rb8 {[%emt 0:00:14]} 27. Bc2 {[%emt 0:06:15]} Nxd5 {[%emt 0:01:25]} 28. Qd2 {[%emt 0:00:05]} Nf6 {[%emt 0:00:32]} 29. Ng5 {[%emt 0:03:16]} Qa2 {[%emt 0:01:14]} 30. Nf1 {[%emt 0:02:36]} Rb2 {[%emt 0:02:49]} 31. Ne3 {[%emt 0:01:11]} Nfxe4 {[%emt 0:01:02]} 32. Nxe4 {[%emt 0:00:08]} Nxe4 {[%emt 0:00:03]} 33. Qd5 {[%emt 0:00:35]} Nf6 {[%emt 0:05:19]} 34. Qd3 {[%emt 0:00:04]} Qa5 {[%emt 0:00:51]} 35. Rd1 {[%emt 0:00:31]} Ra2 {[%emt 0:03:46]} 36. Bg5 {[%emt 0:01:01]} Ra3 {[%emt 0:00:19]} 37. Qd2 {[%emt 0:00:48]} Qxd2 {[%emt 0:00:24]} 38. Rxd2 {[%emt 0:00:02]} Be6 {[%emt 0:01:57]} 39. Bxf6 {[%emt 0:00:09]} Bxf6 {[%emt 0:00:22]} 40. Rxd6 {[%emt 0:00:02]} Kg7 {[%emt 0:02:07]} 41. Be4 {[%emt 0:13:32]} Bg5 {[%emt 0:13:12]} 42. Rd3 {[%emt 0:11:41]} Ra1+ {[%emt 0:02:01]} 43. Kh2 {[%emt 0:00:14]} h4 {[%emt 0:09:10]} 44. Bd5 {[%emt 0:03:58]} Bc8 {[%emt 0:01:29]} 45. Rd1 {[%emt 0:00:26]} Ra3 {[%emt 0:00:44]} 46. Rb1 {[%emt 0:06:00]} Bxe3 {[%emt 0:02:29]} 47. fxe3 {[%emt 0:00:03]} Rxe3 {[%emt 0:00:05]} 48. Rb8 {[%emt 0:02:50]} Be6 {[%emt 0:00:40]} 49. Bxe6 {[%emt 0:00:06]} fxe6 {[%emt 0:00:03]} 50. c5 {[%emt 0:00:42]} Rc3 {[%emt 0:00:23]} 51. Rc8 {[%emt 0:00:29]} e4 {[%emt 0:00:40]} 52. Kg1 {[%emt 0:00:29]} Kf6 {[%emt 0:02:34]} 53. c6 {[%emt 0:00:06]} Ke5 {[%emt 0:00:10]} 54. Kf2 {[%emt 0:01:24]} Rc2+ {[%emt 0:00:26]} 55. Kf1 {[%emt 0:01:39]} Kf4 {[%emt 0:01:54]} 56. Ke1 {[%emt 0:00:42]} Ke3 {[%emt 0:00:27]} 57. Kd1 {[%emt 0:00:01]} Rd2+ {[%emt 0:00:35]} 58. Kc1 {[%emt 0:00:11]} Rd6 {[%emt 0:00:06]} 59. Kc2 {[%emt 0:00:23]} Kf2 {[%emt 0:00:47]} 60. Kc3 {[%emt 0:01:34]} e3 {[%emt 0:01:15]} 61. Rf8+ {[%emt 0:00:08]} Kxg2 {[%emt 0:00:07]} 62. Rf4 {[%emt 0:00:04]} e2 {[%emt 0:00:34]} 63. Re4 {[%emt 0:00:08]} Kf3 {[%emt 0:00:45]} 0-1

[Event "Condigne Dutch Open 2018"]
[Site "Dieren"]
[Date "2018.07.30"]
[Round "6"]
[White "Krysa, Leandro"]
[Black "Shyaamnikhil P"]
[Result "0-1"]
[WhiteElo "2533"]
[BlackElo "2375"]
[Annotator "TA"]
[PlyCount "88"]
[EventDate "2018.07.24"]
[EventType "swiss"]
[EventCountry "NED"]
[SourceTitle "playchess.com"]
[Source "ChessBase"]
[SourceQuality "1"]

{[%evp 21,88,53,51,52,86,87,127,58,68,10,25,0,0,-31,-31,-31,-27,-31,-27,-50,-14,-10,-9,-19,0,0,0,0,0,0,0,0,0,0,0,0,0,0,0,0,0,0,0,0,35,0,0,0,0,0,0,0,0,-47,-47,-69,-77,-207,-199,-337,-351,-2193,-2004,-12847,-12847,-12848,-12848,-12849,-12847]} 1. d4 Nf6 2. c4 e6 3. Nf3 d5 4. Nc3 c6 5. Bg5 Nbd7 6. e3 h6 7. Bh4 g5 {D51: Queen's Gambit Declined: 4 Bg5 Nbd7 sidelines} (7... Be7 8. Qc2 O-O 9. O-O-O dxc4 10. g4 b5 11. Rg1 Nd5 12. Bxe7 Qxe7 13. g5 h5 14. g6 f5 15. Ne5 Nxc3 16. Qxc3 Nf6 17. e4 {1-0 (29) Morozevich,A (2675)-Ponomariov,R (2699) Biel 2017 CBM 180 [Quintiliano,R]}) 8. Bg3 Nh5 9. Qc2 Nxg3 10. hxg3 Bg7 11. O-O-O Qe7 {LiveBook: 5 Games} 12. Kb1 dxc4 13. Bxc4 a6 $146 ({Predecessor:} 13... b5 14. Be2 Bb7 15. Ne4 {1-0 (26) Vocaturo,D (2592)-Lindgren,P (2420) Helsingor 2017}) 14. Bd3 (14. Be2 $16) 14... b6 $14 15. Ne4 (15. Be4 $14) 15... Bb7 $11 16. g4 (16. Nfd2 {is interesting.} c5 17. Nc4 O-O 18. f4 gxf4 19. gxf4 f5 20. Ng3) 16... c5 17. dxc5 Nxc5 18. Nxc5 Qxc5 19. Qxc5 bxc5 20. Rc1 Rd8 21. Rhd1 Bf8 22. Rc4 (22. Bc2 {looks sharper.} Bd6 23. Rd3 Ke7 24. Rh1 Rc8 25. Rhd1) 22... Be7 23. Kc1 h5 24. gxh5 Rxh5 25. Ra4 Rd6 26. Be4 Rxd1+ 27. Kxd1 Rh1+ 28. Ne1 Bxe4 29. Rxe4 {[%mdl 4096] Endgame KRB-KRN} Bf6 30. Rc4 Bxb2 31. Ke2 Rh4 32. g4 f5 33. Nf3 (33. Nd3 {keeps more tension.} Bf6 34. Nxc5 Kf7 35. Nxa6 Be7 36. Nb4) 33... Rxg4 34. Rxg4 fxg4 35. Nxg5 {KB-KN} Kd7 36. Kd3 Bf6 37. Ne4 Be7 38. Kc4 Kc6 39. Nc3 {[#]} (39. Nd2 $17 {was called for.}) 39... Kd6 $1 $19 40. Ne4+ {[#]} (40. Na4 $142) 40... Ke5 $1 {[%cal Re5e4]} 41. Ng3 $2 (41. f3) 41... Bh4 {Black is clearly winning.} 42. Kxc5 Bxg3 43. fxg3 Ke4 44. a4 Kf3 {Precision: White = 36%, Black = 68%.} 0-1

[Event "Condigne Dutch Open 2018"]
[Site "Dieren"]
[Date "2018.07.30"]
[Round "6"]
[White "Pruijssers, Roeland"]
[Black "Saravanan, V.."]
[Result "1-0"]
[WhiteElo "2501"]
[BlackElo "2326"]
[Annotator "TA"]
[PlyCount "77"]
[EventDate "2018.07.24"]
[EventType "swiss"]
[EventCountry "NED"]
[SourceTitle "playchess.com"]
[Source "ChessBase"]
[SourceQuality "1"]

{[%evp 25,77,22,15,20,16,15,33,25,34,13,17,4,39,35,45,39,45,47,44,43,38,41,33,25,59,27,33,33,89,87,120,79,105,89,93,79,131,115,115,121,128,137,153,143,164,164,161,165,167,150,147,143,232,209]} 1. e4 c5 2. Nf3 d6 3. Bb5+ Nc6 4. O-O Bd7 5. Re1 Nf6 6. c3 a6 7. Ba4 b5 8. Bc2 e5 9. d3 {B51: Sicilian: Moscow Variation (3 Bb5+) without 3...Bd7} (9. h3 c4 10. d4 cxd3 11. Qxd3 Be7 12. Bg5 Be6 13. Bxf6 Bxf6 14. Bb3 O-O 15. Nbd2 Ne7 16. Nf1 Ng6 17. Rad1 Be7 18. Ne3 Nf4 19. Qf1 Qc8 20. Nd5 Bxd5 21. Bxd5 Rb8 22. Kh2 Kh8 23. g3 {½-½ (23) Areshchenko,A (2677)-Antipov,M (2576) Minsk 2017}) 9... Be7 10. Nbd2 O-O 11. Nf1 Re8 12. h3 Bf8 13. Bg5 {[%cal Bc1g5,Bg5h4,Bh4g3][%mdl 32]} h6 {LiveBook: 3 Games} 14. Bh4 Be7 $146 ({Predecessor:} 14... g5 15. Bg3 Bg7 16. Ne3 Be6 17. a4 Qb6 18. h4 Nh7 19. Qd2 Ne7 20. a5 Qa7 21. Bd1 Rad8 22. hxg5 hxg5 23. c4 f5 24. exf5 Nxf5 {0-1 (48) Chernomordik,P (2290)-Bykhovsky,A (2355) Israel 2007}) 15. Ne3 Nh7 16. Bg3 Ng5 17. Nd5 Nxf3+ 18. Qxf3 Bf8 19. a4 Rb8 20. axb5 axb5 21. Ra6 Qc8 22. Rea1 Be6 23. Qd1 Ne7 24. Ne3 Ng6 25. d4 cxd4 26. cxd4 Be7 (26... exd4 $14 27. Qxd4 Ne5) 27. Nd5 {[%cal Be3d5,Bd5b4,Bb4c6][%mdl 32]} Bf8 28. Bb3 $36 {[%mdl 2048] White is in control.} Qd8 29. Nb4 {[#] Threatens to win with Bxe6.} Bxb3 30. Qxb3 Qd7 ({Black should try} 30... Rb7) 31. Nc6 $16 Rb7 32. d5 f5 33. f3 {[%cal Bf2f3,Bf3e4][%mdl 32]} Be7 {White is clearly better.} 34. Ra7 fxe4 {...Rxa7 would now be nice for Black.} 35. Rxb7 Qxb7 {[#]} 36. Ra7 $1 {[%cal Ra7b7]} ({Resist} 36. fxe4 Bd8 $16) 36... Qc8 37. fxe4 {Qb4 is the strong threat.} Bg5 38. Kh2 {And now Qa3 would win.} h5 (38... Rf8 $16 {is a better defense.} 39. Qxb5 Qe8) 39. Qf3 {Precision: White = 77%, Black = 47%.} 1-0

[Event "Condigne Dutch Open 2018"]
[Site "Dieren"]
[Date "2018.07.30"]
[Round "6"]
[White "Loginov, Valery A"]
[Black "Lobanov, Sergei"]
[Result "1/2-1/2"]
[WhiteElo "2493"]
[BlackElo "2521"]
[Annotator "TA"]
[PlyCount "41"]
[EventDate "2018.07.24"]
[EventType "swiss"]
[EventCountry "NED"]
[SourceTitle "playchess.com"]
[Source "ChessBase"]
[SourceQuality "1"]

{[%evp 28,41,0,0,0,0,0,-7,0,-4,0,0,0,0,0,0]} 1. e4 e5 2. Nf3 Nc6 3. Bb5 Bc5 4. O-O Nd4 5. Nxd4 Bxd4 6. c3 Bb6 7. d4 c6 8. Bc4 d6 9. dxe5 dxe5 10. Qxd8+ Bxd8 11. Be3 Nf6 12. f3 Bb6 13. Kf2 {C64: Spanische Partie (Cordel-Verteidigung)} Ke7 14. Nd2 Rd8 15. Rfd1 {[#] LiveBook: 4 Partien. Die Stellung ist ausgeglichen.} Ne8 $146 ({Vorgänger:} 15... Bxe3+ 16. Kxe3 Ne8 17. Bb3 Nd6 18. Nc4 Nxc4+ 19. Bxc4 Be6 {½-½ (19) Berg,E (2616)-Stevic,H (2607) Khanty-Mansiysk 2010}) 16. Bb3 Nd6 17. Nc4 Nxc4 18. Bxc4 Be6 19. Bxe6 {[#] Droht stark Lb3.} Kxe6 20. Ke2 Bxe3 21. Kxe3 1/2-1/2

[Event "Condigne Dutch Open 2018"]
[Site "Dieren"]
[Date "2018.07.30"]
[Round "6"]
[White "Anurag, Mhamal"]
[Black "Van Foreest, Lucas"]
[Result "0-1"]
[WhiteElo "2484"]
[BlackElo "2488"]
[Annotator "RC"]
[PlyCount "56"]
[EventDate "2018.07.24"]
[EventType "swiss"]
[EventCountry "NED"]
[SourceTitle "playchess.com"]
[Source "ChessBase"]
[SourceQuality "1"]
[TimeControl "40/5400+30:1800+30"]

1. e4 {[%emt 0:00:00]} e5 {[%emt 0:00:00]} 2. Nf3 {[%emt 0:00:00]} Nc6 {[%emt 0:00:00]} 3. Bc4 {[%emt 0:00:12]} Bc5 {[%emt 0:00:00]} 4. O-O {[%emt 0:00:08]} Nf6 {[%emt 0:00:00]} 5. d3 {[%emt 0:00:05]} O-O {[%emt 0:00:00]} 6. Re1 {[%emt 0:02:00]} d6 {[%emt 0:00:19]} 7. c3 {[%emt 0:01:41]} Ne7 {[%emt 0:01:03]} 8. d4 {[%emt 0:14:50]} Bb6 {[%emt 0:01:24]} 9. a4 {[%emt 0:06:48]} c6 {[%emt 0:01:15]} 10. a5 {[%emt 0:01:24]} Bc7 {[%emt 0:05:05]} 11. dxe5 {[%emt 0:01:23]} dxe5 {[%emt 0:00:04]} 12. Qc2 {[%emt 0:04:17]} Ng6 {[%emt 0:00:42]} 13. Be3 {[%emt 0:00:59]} Qe7 {[%emt 0:05:34]} 14. Nbd2 {[%emt 0:02:12]} Ng4 {[%emt 0:16:35]} 15. Bg5 {[%emt 0:01:25]} Qc5 {[%emt 0:00:11]} 16. b4 {[%emt 0:00:10]} Qxf2+ {[%emt 0:00:04]} 17. Kh1 {[%emt 0:00:02]} a6 {[%emt 0:00:05]} 18. h3 {[%emt 0:32:33]} h6 {[%emt 0:00:37]} 19. Re2 {[%emt 0:00:07]} Qa7 {[%emt 0:00:07]} 20. hxg4 {[%emt 0:00:36]} hxg5 {[%emt 0:03:31]} 21. Nxg5 {[%emt 0:00:08]} Bxg4 {[%emt 0:21:21]} 22. Qb3 {[%emt 0:00:22]} Nf4 {[%emt 0:08:50]} 23. Bxf7+ {[%emt 0:06:41]} Kh8 {[%emt 0:00:57]} 24. g3 {[%emt 0:00:32]} Bxe2 {[%emt 0:04:18]} 25. gxf4 {[%emt 0:00:07]} Rad8 {[%emt 0:03:35]} 26. Qe6 {[%emt 0:04:39]} Rd6 {[%emt 0:00:03]} 27. Qe7 {[%emt 0:01:11]} Rh6+ {[%emt 0:00:53]} 28. Kg2 {[%emt 0:00:04]} Bd6 {[%emt 0:00:47]} 0-1

[Event "Condigne Dutch Open 2018"]
[Site "Dieren"]
[Date "2018.07.30"]
[Round "6"]
[White "Warmerdam, Max"]
[Black "Geurink, Jasper"]
[Result "1/2-1/2"]
[WhiteElo "2424"]
[BlackElo "2348"]
[Annotator "TA"]
[PlyCount "93"]
[EventDate "2018.07.24"]
[EventType "swiss"]
[EventCountry "NED"]
[SourceTitle "playchess.com"]
[Source "ChessBase"]
[SourceQuality "1"]

{[%evp 20,93,54,44,66,68,81,75,89,90,91,86,110,93,92,85,85,86,93,91,158,151,157,133,259,183,216,133,137,143,244,149,199,194,203,137,143,139,221,177,270,254,256,179,186,191,183,180,393,385,474,467,648,641,832,402,388,377,258,185,509,231,218,211,264,265,545,222,221,217,285,279,363,356,592,581]} 1. d4 Nf6 2. c4 g6 3. g3 Bg7 4. Bg2 d6 5. Nc3 O-O 6. Nf3 Nbd7 7. O-O e5 8. e4 c6 9. h3 a6 10. Qc2 Qc7 {E69: King's Indian: Fianchetto: 6...Nbd7 7 0-0 e5 8 e4 c6 9 h3} (10... b5 11. dxe5 dxe5 12. Rd1 Qe7 13. a3 Nb6 14. c5 Nc4 15. b3 Na5 16. b4 Nc4 17. a4 Be6 18. Nd2 {0-1 (34) Cernousek,L (2494)-Movsesian,S (2677) Prague 2016}) 11. Rd1 {LiveBook: 3 Games} exd4 12. Nxd4 Ne5 $146 {White is slightly better.} ({Predecessor:} 12... Re8 13. Be3 Rb8 14. Rac1 Ne5 15. b3 c5 16. Nde2 b5 17. cxb5 axb5 18. Nf4 {1-0 (53) Brynell,S (2464)-Sylvan,J (2333) Split 2014}) 13. b3 $1 c5 14. Nde2 Rb8 15. a4 b6 16. Be3 Bb7 17. Qd2 Rbd8 18. Bg5 Qb8 19. Re1 b5 (19... Rfe8 $142) 20. axb5 $16 axb5 21. cxb5 Rde8 (21... c4 $16 {was worth a try.}) 22. Rad1 c4 23. bxc4 Nxc4 24. Qa2 Ne5 (24... Rc8 $16 {might work better.} 25. Nf4 Rfe8 26. Bxf6 Bxf6) 25. Qa3 h6 26. Bf4 g5 27. Bxe5 Rxe5 28. Nd4 ({But not} 28. Rxd6 $6 Nxe4 29. Bxe4 Bxe4 $14) 28... d5 (28... Qc7 $16 29. Re3 Ra8) 29. exd5 Rxe1+ (29... Nxd5 $142 30. Nxd5 Rxe1+ 31. Rxe1 Bxd5) 30. Rxe1 $18 Nxd5 31. Nxd5 Bxd5 32. Nc6 Bxc6 33. bxc6 {Strongly threatening Qe7.} Qb6 $2 (33... Bd4 {was necessary.} 34. Bd5 Qd8) 34. Qd3 Qd4 35. Qf5 Qd6 36. Bd5 Bd4 {[#]} 37. Kg2 (37. Re8 $142 $1 {[%mdl 512]} Qxg3+ (37... Rxe8 38. Qxf7+) 38. Kf1) 37... Kg7 38. Be4 {aiming for Qh7+.} Re8 39. Rd1 Qc5 $2 {[#]} (39... Re7 40. Rd3 Qf6) 40. Qxc5 (40. c7 $142 $1 {[%mdl 512]}) 40... Bxc5 {[%mdl 4096] Endgame [#] KRB-KRB} 41. Rd7 $1 {Hoping for c7.} Rc8 {[#]} 42. Bd5 $1 Kf6 $2 (42... Bb6 {is a better defense.} 43. Rxf7+ Kg6) 43. Rxf7+ (43. f4 $142 gxf4 44. gxf4) 43... Ke5 44. Bf3 h5 45. Rh7 (45. Bxh5 $6 Rxc6 46. Bf3 Ra6 $16) 45... h4 46. Rh5 ({Don't take} 46. gxh4 gxh4 47. Rxh4 Rg8+ 48. Kf1 Bb6 $18) 46... Be7 $2 (46... Kd6 47. Rxg5 hxg3 48. fxg3 Bb4) 47. gxh4 {[%mdl 32768] Precision: White = 71%, Black = 18%. . An unexpected result.} 1/2-1/2